000 01751nam2a22003131 4500
001 rc\3366711
005 20260406091406.0
021 _aRU
_b73-67894
021 _aRU
_b73-67896
021 _aRU
_bРг13526-73
035 _a(NLR Aleph) 007445077
090 _a7156818
_c7156818
100 _a20130115d1973 |||y0rusy50 ca
101 0 _arus
102 _aRU
105 _ay z |||||
200 1 _aЛитературы Западной Европы и Америки
210 _d1973
215 _a215 с.
423 0 _11010#$arus
_12001#$aРазд. 5. Литература Далмации, Западных славян и Венгрии]$f[Ред. коллегия: Н.И. Балашов (отв. ред.)] [и др.]
_tРазд. 5. Литература Далмации, Западных славян и Венгрии]
461 0 _1001rc\3366705
_12001#$aИстория всемирной литературы$eДля обсуждения$eТ. 3-$fАН СССР. Ин-т мировой литературы имени А.М. Горького$vТ. 3. Вып. 6. [Разд. 4
_97156756
_cМосква
_d1973
_fАН СССР. Ин-т мировой литературы имени А.М. Горького
_nНаука
_oДля обсуждения : Т. 3-
_tИстория всемирной литературы
_vТ. 3. Вып. 6. [Разд. 4
517 0 _aЛитература Далмации, Западных славян и Венгрии
702 1 _4340
_7ca
_8rus
_aБалашов
_bН. И.
_cд-р филол. наук
_f1919-2006
_gНиколай Иванович
_3RU\NLR\AUTH\770281968
_92669440
801 0 _aRU
_bNLR
_gpsbo
801 1 _aRU
_bELAR
_2rusmarc
852 _aNLR
_j73-5/1441
942 _cBOOK
980 _aNB